| 000 | 01794nam a2200517 a 4500 | ||
|---|---|---|---|
| 001 | 22962 | ||
| 003 | CZ PrNK | ||
| 005 | 20260513081653.0 | ||
| 007 | tu | ||
| 008 | 970908s1996 xr a e 001 0 cze | ||
| 015 | _acnb000272527 | ||
| 020 |
_a8085956063 _q(v knize neuvedeno ; _qváz.) |
||
| 035 | _a(OCoLC)37963783 | ||
| 040 |
_aABA001 _bcze |
||
| 041 | 1 |
_acze _heng |
|
| 072 | 7 |
_a635 _xZahrádkářství _2Konspekt |
|
| 080 |
_a582.711.16 _2MRF |
||
| 080 |
_a635.914 _2MRF |
||
| 080 |
_a(035) _2MRF |
||
| 080 |
_a(084.11) _2MRF |
||
| 100 | 1 |
_aHewitt, Terry _4aut |
|
| 245 | 1 | 0 |
_aKaktusy & sukulenty : _bprůvodce od A do Z : [praktická příručka o pěstování, přesazování a rozmnožování] / _cTerry Hewitt ; [z angličtiny přeložili Barbora Budíková a Jan Chovanec] |
| 246 | 3 | _aKaktusy a sukulenty | |
| 250 | _a1. čes. vyd. | ||
| 260 |
_aBrno : _bSVAN, _c1996 |
||
| 300 |
_a176 s. : _bbarev. il. ; _c29 cm |
||
| 500 | _aVysvětl. | ||
| 500 | _aSeznamy doporučených rostlin | ||
| 500 | _aAdresář pěstitelských společností | ||
| 504 | _aVěcný a názvový rejstřík | ||
| 650 | 0 | 7 |
_asukulentní rostliny _2czenas |
| 650 | 0 | 7 |
_akaktusy _2czenas |
| 650 | 0 | 9 |
_asucculents _2eczenas |
| 650 | 0 | 9 |
_acactuses _2eczenas |
| 655 | 7 |
_aobrazové publikace _2czenas |
|
| 655 | 7 |
_apříručky _2czenas |
|
| 655 | 9 |
_apictorial works _2eczenas |
|
| 655 | 9 |
_ahandbooks and manuals _2eczenas |
|
| 700 | 1 |
_aChovancová, Barbora, _d1972- _4trl |
|
| 700 | 1 |
_aChovanec, Jan, _d1973- _4trl |
|
| 765 | 0 | _tComplete book of cacti & succulents | |
| 856 | 4 | 1 |
_uhttps://ndk.cz/uuid/uuid:f54f9320-894f-11f0-9c4b-5ef3fc9bb22f _yDigitalizovaný dokument |
| 901 |
_o19970917 _f1. čes. vyd. _gISBN v publikaci není vytištěno |
||
| 910 | _aABA001 | ||
| 942 |
_2ddc _cOLDO _n0 |
||
| 999 |
_c22962 _d22962 |
||